LIBRARY & INFORMATION CENTRE, KCAET, TAVANUR

ONLINE PUBLIC ACCESS CATALOGUE (OPAC)

Agriculture and Water Management (Record no. 15645)

MARC details
000 -LEADER
fixed length control field 00345nam a22001457a 4500
003 - CONTROL NUMBER IDENTIFIER
control field OSt
008 - FIXED-LENGTH DATA ELEMENTS--GENERAL INFORMATION
fixed length control field 190522b ||||| |||| 00| 0 eng d
020 ## - INTERNATIONAL STANDARD BOOK NUMBER
ISBN 9788192954219
082 ## - DEWEY DECIMAL CLASSIFICATION NUMBER
Classification number 627.02 VER/AG
100 ## - MAIN ENTRY--AUTHOR NAME
Personal name Verma, P
245 ## - TITLE STATEMENT
Title Agriculture and Water Management
260 ## - PUBLICATION, DISTRIBUTION, ETC. (IMPRINT)
Place of publication Delhi
Name of publisher Amiga Press.INC
300 ## - PHYSICAL DESCRIPTION
Number of Pages 216 p.
942 ## - ADDED ENTRY ELEMENTS (KOHA)
Koha item type Books
Holdings
Withdrawn status Lost status Damaged status Collection code Home library Current library Shelving location Date acquired Cost, normal purchase price Full call number Accession Number Koha item type
      Non-fiction KAUAET KAUAET General Stacks 22/05/2019 1950.00 627.02 VER/AG 25877 Books
free website counter